Ville d'Allemagne de l'Est ou d'Allemagne de l'Ouest ? - Click quiz - Statistiques

Statistiques générales
  • Ce quiz a été pris 36 fois
  • Le résultat moyen est 18 sur 22
Statistiques - réponses
Hint Réponse % Correct
Aix-la-Chapelle Allemagne de l'Ouest
100%
Francfort-sur-le-Main Allemagne de l'Ouest
97%
Stuttgart Allemagne de l'Ouest
94%
Düsseldorf Allemagne de l'Ouest
94%
Mayence Allemagne de l'Ouest
94%
Brême Allemagne de l'Ouest
91%
Rostock Allemagne de l'Est
85%
Leipzig Allemagne de l'Est
85%
Potsdam Allemagne de l'Est
85%
Hambourg Allemagne de l'Ouest
82%
Nuremberg Allemagne de l'Ouest
82%
Magdebourg Allemagne de l'Est
79%
Bonn Allemagne de l'Ouest
79%
Munich Allemagne de l'Ouest
79%
Dresde Allemagne de l'Est
76%
Halle-sur-Saale Allemagne de l'Est
74%
Iéna Allemagne de l'Est
74%
Hanovre Allemagne de l'Ouest
74%
Wolfsbourg Allemagne de l'Ouest
68%
Coblence Allemagne de l'Ouest
68%
Erfurt Allemagne de l'Est
65%
Francfort-sur-l'Oder Allemagne de l'Est
56%
Aucun quiz correspondant
Distribution des résultats
% des personnes avec chaque résultat
Percentile par nombre de réponses
Votre historique - résultats
Vous n’avez pas pris ce quiz